01746nam a2200217Ia 450000500170000000800410001702000190005802000150007708200230009210000230011524501130013826000470025130000180029833600100031633700140032633800120034050000390035250400410039150510610043265000350149320231102150714.0120622s2001 mx fr 000 0 spa d a9789686136647  a9686136649 a335.41bN692e 20081 aNikitin, P.eautor10aEconomía políticab : manual de divulgación c / P. Nikitin ; versión española de Domingo Arteaga 3aMéxicob : Ediciones Quinto Solc , 2001 a314 páginas atexto asin medio avolumen aEl ej. 4 es reimpresión del 2001 aIncluye: Índice general pp.305-3141 aLos modos precapitalistas de producción La producción mercantil. La mercancía y el dinero Capital y plusvalia. El salario en el capitalismo La acumulación del capital y el empeoramiento de la situación del proletariado La transformación de la plusvalia en ganancia y su distribución entre los distintos grupos de explotadores La producción del capital social y las crisis económicas Los principales rasgos económicos del imperialismo El lugar histórico del imperialismo. La crisis general del capitalismo mundial Surgimiento y formación del socialismo Las fuerzas productivas y las relaciones de producción de la sociedad socialista El desarrollo armónico de la economía nacional en el socialismo El trabajo social y la productividad del trabajo en el socialismo La producción mercantil el dinero y el comercio en el socialismo La autonomía económica socialista y la rentabilidad en el costo de producción y el precio La reproducción socialista La renta nacional y el sistema de crédito y finanzas en el socialismo14aECONOMÍA POLÍTICA MARXISTA